| 000 | 00436nam a2200169Ia 4500 | ||
|---|---|---|---|
| 008 | 131103s9999 xx 000 0 und d | ||
| 020 | _a631107819 | ||
| 040 | _aLoreto College | ||
| 041 | _aEnglish | ||
| 082 |
_a880/PLA _b- DIC LCLIB/ |
||
| 100 | _aDickinson,G.Lowes | ||
| 245 |
_aPlato and his dialogues _cG.Lowes Dickinson |
||
| 260 |
_aLondon _bGeorge Allen _c1954 |
||
| 300 |
_a230 p. _c 19 cm. |
||
| 850 | _aLCLIB | ||
| 942 | _cBK | ||
| 999 |
_c5539 _d56018 |
||